Empresas y derechos humanos en América Latina : (Registro nro. 63329)

Detalles MARC
000 -LEADER
campo de control de longitud fija 03200nam a22004094i 4500
003 - IDENTIFICADOR DE NÚMERO DE CONTROL
campo de control PE-LiUPU
005 - FECHA Y HORA DE LA ÚLTIMA TRANSACCIÓN
campo de control 20260325102731.0
008 - DATOS DE LONGITUD FIJA--INFORMACIÓN GENERAL
campo de control de longitud fija 181200s2018 pe a b 000 0 spa d
035 ## - NÚMERO DE CONTROL DEL SISTEMA
Número de control de sistema PE-LiUPU000005
040 ## - FUENTE DE CATALOGACIÓN
Centro catalogador/agencia de origen PE-LiUPU
Lengua de catalogación spa
Centro/agencia transcriptor PE-LiUPU
Normas de descripción rda
041 0# - CÓDIGO DE IDIOMA
Código de lengua del texto/banda sonora o título independiente spa
082 04 - NÚMERO DE LA CLASIFICACIÓN DECIMAL DEWEY
Número de clasificación 323.34098
Cutter U58e
Número de edición TP
110 ## - ENTRADA PRINCIPAL--NOMBRE DE ENTIDAD CORPORATIVA
Nombre de entidad corporativa o nombre de jurisdicción como elemento de entrada Universidad Antonio Ruiz de Montoya (Lima).
Unidad subordinada Instituto de Ética y Desarrollo.
Término indicativo de función/relación autor.
9 (RLIN) 8255
245 10 - MENCIÓN DEL TÍTULO
Título Empresas y derechos humanos en América Latina :
Resto del título la experiencia de elaboración de los planes de acción en Chile, Colombia y México /
Mención de responsabilidad, etc. Instituto de Ética y Desarrollo de la Universidad Antonio Ruiz de Montoya ; [colaboración, Federico Chunga Fiestas y Paulo Vilca Arpasi].
264 #1 - PRODUCCIÓN, PUBLICACIÓN, DISTRIBUCIÓN, FABRICACIÓN Y COPYRIGHT
Producción, publicación, distribución, fabricación y copyright Lima :
Nombre del de productor, editor, distribuidor, fabricante Universidad Antonio Ruiz de Montoya, Instituto de Ética y Desarrollo,
Fecha de producción, publicación, distribución, fabricación o copyright 2018.
300 ## - DESCRIPCIÓN FÍSICA
Extensión 118 páginas :
Otras características físicas ilustraciones ;
Dimensiones 30 cm
336 ## - TIPO DE CONTENIDO
Término de tipo de contenido text
Fuente rdacontent
337 ## - TIPO DE MEDIO
Nombre/término del tipo de medio unmediated
Fuente rdamedia
338 ## - TIPO DE SOPORTE
Nombre/término del tipo de soporte volume
Fuente rdacarrier
500 ## - NOTA GENERAL
Nota general Primera edición: diciembre de 2018.
500 ## - NOTA GENERAL
Nota general Tiraje de 1000 ejemplares.
504 ## - NOTA DE BIBLIOGRAFÍA, ETC.
Nota de bibliografía, etc. Incluye referencias bibliográficas.
505 0# - NOTA DE CONTENIDO CON FORMATO
Nota de contenido con formato El marco internacional sobre empresas y derechos humanos de Naciones Unidas y su acogida en el Perú -- El contexto nacional -- El nuevo rol de las empresas en el marco de la agenda 2030 de la ONU -- La consolidación del marco internacional sobre empresas y derechos humanos -- Los pilares de "proteger, respetar y remediar" y los Principios Rectores sobre empresas y derechos humanos -- La incorporación del marco internacional de empresas y derechos humanos en el Perú -- Empresas y derechos humanos desde una gestión pública por resultados -- El futuro de un plan nacional de acción sobre empresas y derechos humanos en el Perú -- Los lineamientos y orientaciones de los órganos de Naciones Unidas para la elaboración e implementación de planes nacionales de acción sobre empresas y derechos humanos -- Planes nacionales de acción: riesgos y oportunidades -- Las experiencias sobre planes de acción en empresas y derechos humanos en Chile, Colombia y México -- La experiencia en Chile -- La experiencia en Colombia -- La experiencia en México -- Buenas prácticas y riesgos a tener en cuenta en el caso peruano -- Buenas prácticas -- Riesgos -- Reflexiones finales -- El futuro del plan nacional de acción sobre empresas y derechos humanos.
546 ## - NOTA DE IDIOMA
Nota de lengua/lenguaje Texto en español.
650 18 - PUNTO DE ACCESO ADICIONAL DE MATERIA--TÉRMINO DE MATERIA
Término de materia o nombre geográfico como elemento de entrada Derechos humanos
Subdivisión geográfica América Latina
9 (RLIN) 3529
650 28 - PUNTO DE ACCESO ADICIONAL DE MATERIA--TÉRMINO DE MATERIA
Término de materia o nombre geográfico como elemento de entrada Defensa de los derechos humanos
Subdivisión general Cooperación Internacional
9 (RLIN) 3530
650 28 - PUNTO DE ACCESO ADICIONAL DE MATERIA--TÉRMINO DE MATERIA
Término de materia o nombre geográfico como elemento de entrada Empresas internacionales
Subdivisión general Aspectos sociales
Subdivisión geográfica América Latina
9 (RLIN) 8256
650 28 - PUNTO DE ACCESO ADICIONAL DE MATERIA--TÉRMINO DE MATERIA
Término de materia o nombre geográfico como elemento de entrada Política social
Subdivisión geográfica América Latina
Subdivisión de forma Estudio de casos
9 (RLIN) 8257
650 28 - PUNTO DE ACCESO ADICIONAL DE MATERIA--TÉRMINO DE MATERIA
Término de materia o nombre geográfico como elemento de entrada Desarrollo humano
Subdivisión geográfica América Latina
9 (RLIN) 8258
651 #4 - PUNTO DE ACCESO ADICIONAL DE MATERIA--NOMBRE GEOGRÁFICO
Nombre geográfico América Latina
Subdivisión general Condiciones sociales.
700 ## - ENTRADA AGREGADA--NOMBRE PERSONAL
Nombre de persona Vega Luna, Eduardo Ernesto,
Término indicativo de función/relación director.
9 (RLIN) 8260
700 ## - ENTRADA AGREGADA--NOMBRE PERSONAL
Nombre de persona Chunga Fiestas, Federico.
Término indicativo de función/relación colaborador.
9 (RLIN) 8259
700 ## - ENTRADA AGREGADA--NOMBRE PERSONAL
Nombre de persona Vilca Arpasi, Paulo César,
Fechas asociadas al nombre 1974-
Término indicativo de función/relación colaborador.
9 (RLIN) 8261
710 2# - ENTRADA AGREGADA--NOMBRE DE ENTIDAD CORPORATIVA
Nombre de entidad corporativa o nombre de jurisdicción como elemento de entrada Unión Europea,
Término indicativo de función/relación entidad financiadora.
942 ## - ELEMENTOS DE ENTRADA SECUNDARIOS (KOHA)
Fuente del sistema de clasificación o colocación Clasificación Decimal Dewey
Tipo de ítem Koha Libros físicos
980 ## - EQUIVALENCIA O REFERENCIA-CRUZADA-MENCIÓN DE SERIE--NOMBRE DE PERSONA/TÍTULO [LOCAL, CANADÁ]
ID del usuario creador del registro 18228
Nombre del creador del registro Rebeca Esther Huerta Leyton
ID del último usuario que modificó el registro 18226
Nombre del último usuario que modificó el registro Jaime Vilcazán Jefe de Análisis Documental
Existencias
Visto por última vez Total de préstamos Signatura topográfica completa Código de barras Copia número Coste, precio de reemplazo Fecha de reemplazo Facultad Tipo de ítem Koha Estado de pérdida Fuente del sistema de clasificación o colocación Restricciones de uso No para préstamo Colección Programa académico Biblioteca de origen Biblioteca actual Ubicación en estantería Fecha de adquisición Fuente de adquisición
2026-03-31   323.34098 U58e 83134 e1 12.00 2026-03-25 FACIHED Libros físicos No Perdido Clasificación Decimal Dewey No restringido Disponible para préstamos Colección General Derecho presencial Biblioteca CRAI UPeU Lima Biblioteca CRAI UPeU Lima Sala principal 2026-02-12 Donación, Jhon Eden Rosario Campos